| 000 | 00390nam a22001457a 4500 | ||
|---|---|---|---|
| 003 | SGT | ||
| 020 | _a9781455771301 | ||
| 082 |
_a617.66 _bM13P |
||
| 100 | _aPatrick J. Louis | ||
| 245 | _aMaxillofacial Reconstruction | ||
| 260 |
_aPhiladelphia, United States _bElsevier - Health Sciences Division _c2013 |
||
| 300 | _a105-339 | ||
| 650 | _aOral and Maxillofacial Surgery | ||
| 942 |
_2ddc _cBK |
||
| 999 |
_c18352 _d18352 |
||